A STUDY ON THE EFFECT OF KARACHI HARBOR WATER ON THE INTEGRITY OF PAINT COATINGS / (Record no. 535466)

000 -LEADER
fixed length control field 00611nam a22001697a 4500
020 ## - INTERNATIONAL STANDARD BOOK NUMBER
Qualifying information Hard Cover.
082 ## - DEWEY DECIMAL CLASSIFICATION NUMBER
Classification number 200
100 ## - MAIN ENTRY--PERSONAL NAME
Personal name Fahim Ufaq,
245 ## - TITLE STATEMENT
Title A STUDY ON THE EFFECT OF KARACHI HARBOR WATER ON THE INTEGRITY OF PAINT COATINGS /
Statement of responsibility, etc. Ufaq Fahim.
260 ## - PUBLICATION, DISTRIBUTION, ETC.
Place of publication, distribution, etc. Karachi :
Name of publisher, distributor, etc. PNEC - NUST,
Date of publication, distribution, etc. 2014.
300 ## - PHYSICAL DESCRIPTION
Extent xiii, 49 p. : ill. ;
Dimensions 30cm.
650 ## - SUBJECT ADDED ENTRY--TOPICAL TERM
Topical term or geographic name entry element MS- Industrial and Manufacturing Engineering
700 ## - ADDED ENTRY--PERSONAL NAME
Personal name Supervisor: Dr. Aqeel Shah.
856 ## - Uniform Resource Identifier
Uniform Resource Identifier <a href="http://10.250.8.41:8080/xmlui/handle/123456789/41231">http://10.250.8.41:8080/xmlui/handle/123456789/41231</a>
942 ## - ADDED ENTRY ELEMENTS (KOHA)
Source of classification or shelving scheme
Koha item type Soft Copy
650 ## - SUBJECT ADDED ENTRY--TOPICAL TERM
-- 128795
700 ## - ADDED ENTRY--PERSONAL NAME
-- 127295
Holdings
Withdrawn status Lost status Source of classification or shelving scheme Damaged status Not for loan Permanent Location Current Location Shelving location Date acquired Full call number Barcode Date last seen Price effective from Non-public note Koha item type
          Central Library (CL) Central Library (CL) Thesis 09/11/2020 200 CL-T-6184 09/11/2020 09/11/2020 Minute Sheet No. 0929/02/CL/Survey/5 dated 23rd April 2024 E-MIN ID 114741 Soft Copy
© 2023 Central Library, National University of Sciences and Technology. All Rights Reserved.